LEADER 01101nam a2200301 i 4500 001 991000848689707536 005 20020507174458.0 008 970128s1988 ||| ||| | ||| 035 $ab10765839-39ule_inst 035 $aLE01303259$9ExL 040 $aDip.to Matematica$beng 082 0 $a515.93 084 $aAMS 30-01 084 $aAMS 30-XX 100 1 $aCattaneo, Gianpiero$052862 245 10$aElementi di analisi complessa /$cG. Cattaneo, G. Nisticò 260 $aCommenda di Rende :$bMediterranean press,$c1988 300 $axi, 196 p. ;$c24 cm. 490 0 $aMatematica Universitaria 500 $aParte I 650 4$aFunctions of a complex variable 700 1 $aNisticò, G. 907 $a.b10765839$b23-02-17$c28-06-02 912 $a991000848689707536 945 $aLE013 30-XX CAT11 Pt.I (1988)$cPt. 1$g1$i2013000071374$lle013$mMar 16 Ott 2018 11:06AM: IN TRANSITO da tcavalera a le013$o-$pE0.00$q-$rn$st $t1$u28$v0$w28$x0$y.i10861713$z28-06-02 996 $aElementi di analisi complessa$9923436 997 $aUNISALENTO 998 $ale013$b01-01-97$cm$da $e-$feng$gxx $h0$i1 LEADER 01122nas 2200361-a 450 001 9910131330603321 005 20240413024015.0 035 $a(CKB)110978979272122 035 $a(CONSER)sn-94038480- 035 $a(EXLCZ)99110978979272122 100 $a19940621a19869999 --- a 101 0 $aeng 181 $ctxt$2rdacontent 182 $cc$2rdamedia 183 $acr$2rdacarrier 200 00$aBody cast 210 $aAgincourt, Ont. $cCanadian Society of Orthopaedic Technologists = Société canadienne des technologistes en orthopédie$d[1986]- 215 $a1 online resource 300 $aRefereed/Peer-reviewed 311 08$aPrint version: Body cast. 1205-562X (DLC)sn 94038480 (OCoLC)30637761 606 $aAllied Health Personnel 606 $aOrthopedics 606 $aSocieties 608 $aPeriodical. 615 2$aAllied Health Personnel. 615 2$aOrthopedics. 615 22$aSocieties. 712 02$aCanadian Society of Orthopaedic Technologists. 906 $aJOURNAL 912 $a9910131330603321 920 $aexl_impl conversion 996 $aBody cast$92179355 997 $aUNINA